[Event "Mumbai Wealth U2050 op 5th"]
[Site "Mumbai"]
[Date "2020.01.03"]
[Round "2"]
[White "Kadav, Omkar"]
[Black "Begum, Ashiya"]
[Result "0-1"]
[WhiteElo "1859"]
[BlackElo "1427"]
[PlyCount "98"]
[EventDate "2020.01.02"]
[EventType "swiss"]
[EventRounds "9"]
[EventCountry "IND"]
[SourceTitle "CBM 194 Extra"]
[Source "ChessBase"]
[SourceDate "2020.03.31"]
[SourceVersion "1"]
[SourceVersionDate "2020.03.31"]
[SourceQuality "1"]

1. e4 c5 2. Nf3 d6 3. d4 cxd4 4. Nxd4 Nf6 5. Nc3 e6 6. Bg5 Be7 7. f4 h6 8. Bh4 Nxe4 9. Bxe7 Nxc3 10. Bxd8 Nxd1 11. Rxd1 Kxd8 12. Nb5 Nc6 13. Nxd6 Ke7 14. Bb5 Rd8 15. Nxc8+ Raxc8 16. Rxd8 Rxd8 17. c3 Rd5 18. Bc4 Rc5 19. Bd3 Nb4 20. Bb1 Nd5 21. 0-0 g5 22. fxg5 hxg5 23. Re1 Nf4 24. g3 Nh3+ 25. Kf1 g4 26. Rd1 f5 27. Bd3 Rd5 28. Ke2 Ng5 29. c4 Rd4 30. Ke3 Rd8 31. Rc1 Nf3 32. Rh1 Kf6 33. h4 e5 34. Be2 Nd2 35. Bd3 Nf3 36. Rf1 Rd4 37. c5 f4+ 38. gxf4 exf4+ 39. Ke2 Nxh4 40. Rc1 g3 41. c6 bxc6 42. Rxc6+ Ke5 43. Rc8 f3+ 44. Ke3 Rxd3+ 45. Kxd3 g2 46. Re8+ Kf4 47. Rf8+ Nf5 48. Rg8 f2 49. Rxg2 f1Q+ 0-1